000 00787nam a22002177a 4500
003 UA-OsUOA
001 67804
007 ta
008 20100311b un ||||| |||| 00| 0 ukr d
090 _a343.23
_bП64
942 _cBK
040 _aUA-OsUOA
_brus
_cUA-OsUOA
_dUA-OsUOA
245 _aПотерпевший от преступления (уголовно-правовые, уголовно-процессуальные, криминологические и психологические аспекты)
_bТруды по правоведению
_cКасик П.
300 _a85 с.
955 _a2
041 _arus
080 _a343.23
260 _aТарту
_c1987
650 7 _a343 Кримінальне право. Карні порушення
_2UDC
999 _c353928
_d353928